00596nam a2200193Ia 450000500170000000800410001704000190005804100120007708200130008910000140010224500400011626000400015630000120019650400500020885000100025894200070026899900160027595201110029120230203143439.0131103s9999 xx 000 0 und d aLoreto College aEnglish a880bKIR aKirk,G.S. 4aThe nature of Greek mythscG.S.Kirk aHarmoundsworthbPenguin Booksc1976 a335 p.  aIncludes bibliographical references and index aLCLIB cBK c5472d55951 00102ddc4070aMAINbMAINd2013-11-04l2o880 KIR 24215pB5339r2018-08-01s2018-08-01w2013-11-04yBKf